Países que comparten nombre con su capital - Estadísticas

Estadísticas generales
  • Esta prueba ha sido intentada 186 veces
  • La puntuación promedio es 5 de 11
Estadísticas de respuestas
País y Capital % Correcto
Guatemala
66%
Panamá
66%
Vaticano
59%
México
58%
San Marino
54%
Mónaco
51%
Luxemburgo
49%
Yibuti
35%
Singapur
33%
Kuwait
27%
Túnez
23%
No se encontraron pruebas coincidentes
Distribución de puntuación
Porcentaje de gente con cada puntuación
Porcentaje por número respondido
Historial de tus puntuaciones
No has intentado esta prueba.